000 00387nam a2200157 4500
003 OSt
005 20241019175745.0
007 ta
008 241019b |||a|||| |||| 00| 1 fre d
020 _a9782227720107
040 _cautismepaimpol.fr
100 _qAnett HARDY (Auteur)
245 _aAmélie fait tout le contraire de Sébastien
260 _bBayard
_c1 Mar. 1991
942 _c843.0692
999 _c132
_d132